Wybory do Sejmu 2007 - Statystyki

Ogólne statystyki
  • Ten quiz został rozwiązany 35 razy
  • Średni wynik to 6 z 10
Statystyki odpowiedzi
Miejsce Komitet Wyborczy Poparcie (%) Miejsca w Sejmie % Poprawnych
1 Platforma Obywatelska 41,51 % 209
95%
2 Prawo i Sprawiedliwość 32,11 % 166
95%
4 Polskie Stronnictwo Ludowe 8,91 % 31
90%
6 Liga Polskich Rodzin 1,30 % 0
85%
5 Samoobrona Rzeczpospolitej Polskiej 1,53 % 0
85%
9 Mniejszość Niemiecka 0,20 % 1
55%
3 Lewica i Demokraci (SLD+SDPL+PD+UP) 13,15 % 53
45%
7 Polska Partia Pracy 0,99 % 0
20%
8 Partia Kobiet 0,28 % 0
5%
10 Samoobrona Patriotyczna 0,02 % 0
0%
Nie znaleziono quizów pasujących do podanych kryteriów
Rozkład punktacji
Procent ludzi z każdym wynikiem
Percentyl według liczby udzielonych odpowiedzi
Twoja historia wyników
Nie rozwiązałeś tego quizu